000 00281 a2200109 4500
020 _a0045511020
082 _a551.436 ABR
100 _aAbrahams, A. D.
245 _aHillslope Processes
_cA. D. Abrahams
260 _aBoston :
_bAllen and Unwin
_c1986
300 _axiv, 416p. :
_bill . ;
_c23 cm
650 _aSlopes
999 _c656
_d656